| 000 -LEADER |
| fixed length control field |
02500cam a22003974a 4500 |
| 001 - CONTROL NUMBER |
| control field |
13807930 |
| 003 - CONTROL NUMBER IDENTIFIER |
| control field |
ASAB |
| 005 - DATE AND TIME OF LATEST TRANSACTION |
| control field |
20180827062712.0 |
| 008 - FIXED-LENGTH DATA ELEMENTS--GENERAL INFORMATION |
| fixed length control field |
041206s2005 ilua b 001 0 eng |
| 010 ## - LIBRARY OF CONGRESS CONTROL NUMBER |
| LC control number |
2004029045 |
| 020 ## - INTERNATIONAL STANDARD BOOK NUMBER |
| International Standard Book Number |
0-7494-4528-9 |
| 035 ## - SYSTEM CONTROL NUMBER |
| System control number |
(DNLM)101235554 |
| 040 ## - CATALOGING SOURCE |
| Transcribing agency |
ASAB |
| 050 00 - LIBRARY OF CONGRESS CALL NUMBER |
| Classification number |
TP248.2 |
| Item number |
.K45 2005 |
| 060 10 - NATIONAL LIBRARY OF MEDICINE CALL NUMBER |
| Classification number |
W 82 |
| Item number |
K29 2005 |
| 082 00 - DEWEY DECIMAL CLASSIFICATION NUMBER |
| Classification number |
660.6 |
| Edition number |
22 |
| 245 00 - TITLE STATEMENT |
| Title |
Kellogg on biotechnology : |
| Remainder of title |
thriving through integration / |
| Statement of responsibility, etc. |
edited by Alicia Löffler. |
| 260 ## - PUBLICATION, DISTRIBUTION, ETC. |
| Place of publication, distribution, etc. |
Evanston, Ill. : |
| Name of publisher, distributor, etc. |
Northwestern University Press : |
| -- |
Kellogg School of Management ; |
| Place of publication, distribution, etc. |
London : |
| Name of publisher, distributor, etc. |
Kogan Page, |
| Date of publication, distribution, etc. |
c2005. |
| 300 ## - PHYSICAL DESCRIPTION |
| Extent |
xiii, 264 p. : |
| Other physical details |
ill. ; |
| Dimensions |
23 cm. |
| 504 ## - BIBLIOGRAPHY, ETC. NOTE |
| Bibliography, etc. note |
Includes bibliographical references and index. |
| 505 0# - FORMATTED CONTENTS NOTE |
| Formatted contents note |
Promises and challenges of the U.S. stem cell industry / Whit Alexander and Shail Thaker -- Pharmacogenomics: overcoming the hurdles to adoption / Janette Chung, Peggy Mathias, and Rebecca Wildman -- Nanobiotechnology: applications and commercialization strategies / Badri Amurthur ... [et al.] -- Sustaining platforms / Erich Hoefer ... [et al.] -- Mergers and acquisitions as a strategic alternative in biotech / Andrew Ingley, Gregory Lief, and Jeanne Lukacek -- Biologics manufacturing: the make or buy decision / Anurag Bagaria -- Pharming factories / Andrew Ingley, James Pavlik, and Ty Smith -- The role of marketing / Dario Benavides ... [et al.] -- To DTC or not to DTC: direct-to-consumer marketing in medical devices / Roy Katz ... [et al.] -- The forgotten issue: reimbursement in biotechnology / Raj Changrani ... [et al.]. |
| 650 #0 - SUBJECT ADDED ENTRY--TOPICAL TERM |
| Topical term or geographic name entry element |
Biotechnology. |
| 9 (RLIN) |
2266 |
| 650 #0 - SUBJECT ADDED ENTRY--TOPICAL TERM |
| Topical term or geographic name entry element |
Biotechnology industries. |
| 9 (RLIN) |
2267 |
| 650 12 - SUBJECT ADDED ENTRY--TOPICAL TERM |
| Topical term or geographic name entry element |
Biomedical Technology. |
| 9 (RLIN) |
2268 |
| 650 22 - SUBJECT ADDED ENTRY--TOPICAL TERM |
| Topical term or geographic name entry element |
Biotechnology |
| General subdivision |
economics. |
| 9 (RLIN) |
2269 |
| 650 22 - SUBJECT ADDED ENTRY--TOPICAL TERM |
| Topical term or geographic name entry element |
Biotechnology |
| General subdivision |
organization & administration. |
| 9 (RLIN) |
2270 |
| 650 22 - SUBJECT ADDED ENTRY--TOPICAL TERM |
| Topical term or geographic name entry element |
Technology, Pharmaceutical. |
| 9 (RLIN) |
2271 |
| 700 1# - ADDED ENTRY--PERSONAL NAME |
| Personal name |
Löffler, Alicia. |
| 9 (RLIN) |
2272 |
| 710 2# - ADDED ENTRY--CORPORATE NAME |
| Corporate name or jurisdiction name as entry element |
Kellogg Center for Biotechnology. |
| 9 (RLIN) |
2273 |
| 856 41 - ELECTRONIC LOCATION AND ACCESS |
| Materials specified |
Table of contents only |
| Uniform Resource Identifier |
<a href="http://www.loc.gov/catdir/toc/ecip054/2004029045.html">http://www.loc.gov/catdir/toc/ecip054/2004029045.html</a> |
| 856 42 - ELECTRONIC LOCATION AND ACCESS |
| Materials specified |
Contributor biographical information |
| Uniform Resource Identifier |
<a href="http://www.loc.gov/catdir/enhancements/fy0617/2004029045-b.html">http://www.loc.gov/catdir/enhancements/fy0617/2004029045-b.html</a> |
| 856 42 - ELECTRONIC LOCATION AND ACCESS |
| Materials specified |
Publisher description |
| Uniform Resource Identifier |
<a href="http://www.loc.gov/catdir/enhancements/fy0617/2004029045-d.html">http://www.loc.gov/catdir/enhancements/fy0617/2004029045-d.html</a> |
| 906 ## - LOCAL DATA ELEMENT F, LDF (RLIN) |
| a |
7 |
| b |
cbc |
| c |
orignew |
| d |
1 |
| e |
ecip |
| f |
20 |
| g |
y-gencatlg |
| 942 ## - ADDED ENTRY ELEMENTS (KOHA) |
| Source of classification or shelving scheme |
|
| Koha item type |
Book |